[Event "1st Spring Festival Weekend 2021"]
[Site "Bassano del Grappa"]
[Date "2021.03.14"]
[Round "5.5"]
[White "Solomon, Kenny"]
[Black "Yu, Jennifer"]
[Result "0-1"]
[WhiteElo "2357"]
[BlackElo "2275"]
[Annotator "ChessBase"]
[PlyCount "90"]
[EventDate "2021.03.12"]
[EventType "swiss"]
[EventCountry "ITA"]
[SourceTitle "playchess.com"]
[Source "ChessBase"]
[SourceQuality "1"]
[TimeControl "5400+30"]

1. e4 {[%emt 0:11:58]} e5 {[%emt 0:00:00]} 2. Nf3 {[%emt 0:00:11]} Nf6 {[%emt 0:00:00]} 3. Nxe5 {[%emt 0:00:07]} d6 {[%emt 0:00:01]} 4. Nf3 {[%emt 0:00:24]} Nxe4 {[%emt 0:00:08]} 5. d4 {[%emt 0:00:40]} d5 {[%emt 0:00:07]} 6. Bd3 {[%emt 0:00:05]} Nc6 {[%emt 0:02:05]} 7. O-O {[%emt 0:00:33]} Be7 {[%emt 0:00:04]} 8. Re1 {[%emt 0:02:19]} Bg4 {[%emt 0:00:22]} 9. c3 {[%emt 0:03:31]} f5 {[%emt 0:04:08]} 10. Qb3 {[%emt 0:22:17]} Rb8 {[%emt 0:01:17]} 11. Nbd2 {[%emt 0:01:59]} Bxf3 {[%emt 0:14:27]} 12. Nxf3 {[%emt 0:01:20]} O-O {[%emt 0:00:07]} 13. c4 {[%emt 0:14:25]} Bf6 {[%emt 0:12:42]} 14. Be3 {[%emt 0:19:21]} Na5 {[%emt 0:05:32]} 15. Qa4 {[%emt 0:00:59]} Nxc4 {[%emt 0:03:56]} 16. Bxc4 {[%emt 0:00:03]} dxc4 {[%emt 0:00:03]} 17. Qxc4+ {[%emt 0:00:04]} Kh8 {[%emt 0:00:04]} 18. Bf4 {[%emt 0:05:24]} Rc8 {[%emt 0:00:04]} 19. Qb3 {[%emt 0:01:22]} Bxd4 {[%emt 0:14:02]} 20. Nxd4 {[%emt 0:00:05]} Qxd4 {[%emt 0:00:03]} 21. Be3 {[%emt 0:00:09]} Qd6 {[%emt 0:21:42]} 22. Rad1 {[%emt 0:03:06]} Qc6 {[%emt 0:01:43]} 23. Rc1 {[%emt 0:00:42]} Qa6 {[%emt 0:00:11]} 24. Red1 {[%emt 0:00:55]} f4 {[%emt 0:01:02]} 25. Bd4 {[%emt 0:00:38]} f3 {[%emt 0:02:44]} 26. gxf3 {[%emt 0:04:24]} Ng5 {[%emt 0:02:05]} 27. f4 {[%emt 0:00:44]} Rxf4 {[%emt 0:00:17]} 28. Qg3 {[%emt 0:01:49]} Qg6 {[%emt 0:09:42]} 29. Kf1 {[%emt 0:00:11]} Rf7 {[%emt 0:02:56]} 30. Be3 {[%emt 0:00:32]} Qa6+ {[%emt 0:01:41]} 31. Kg2 {[%emt 0:00:01]} Ne6 {[%emt 0:00:35]} 32. a3 {[%emt 0:02:08]} h6 {[%emt 0:01:11]} 33. Rd6 {[%emt 0:00:46]} cxd6 {[%emt 0:00:48]} 34. Rxc8+ {[%emt 0:00:01]} Kh7 {[%emt 0:00:01]} 35. Qg4 {[%emt 0:02:24]} Rf6 {[%emt 0:00:14]} 36. Qc4 {[%emt 0:00:05]} b5 {[%emt 0:01:13]} 37. Qc6 {[%emt 0:01:07]} Qa4 {[%emt 0:00:21]} 38. Qc2+ {[%emt 0:00:23]} Rg6+ {[%emt 0:00:05]} 39. Kf1 {[%emt 0:00:09]} Qg4 {[%emt 0:00:47]} 40. Ke1 {[%emt 0:00:50]} d5 {[%emt 0:00:31]} 41. Qe2 {[%emt 0:01:42]} Qg1+ {[%emt 0:00:42]} 42. Qf1 {[%emt 0:00:06]} d4 {[%emt 0:00:08]} 43. Bc1 {[%emt 0:00:10]} Qxh2 {[%emt 0:00:47]} 44. Qd3 {[%emt 0:00:07]} Qg1+ {[%emt 0:00:42]} 45. Ke2 {[%emt 0:01:41]} Nf4+ {[%emt 0:00:28]} 0-1

[Event "1st Spring Festival Weekend 2021"]
[Site "Bassano del Grappa"]
[Date "2021.03.14"]
[Round "5.6"]
[White "Martin Duque, Jesus"]
[Black "Gallana, Marco"]
[Result "1/2-1/2"]
[WhiteElo "2454"]
[BlackElo "2232"]
[Annotator "ChessBase"]
[PlyCount "113"]
[EventDate "2021.03.12"]
[EventType "swiss"]
[EventCountry "ITA"]
[SourceTitle "playchess.com"]
[Source "ChessBase"]
[SourceQuality "1"]
[TimeControl "5400+30"]

1. Nf3 {[%emt 0:02:07]} Nf6 {[%emt 0:00:00]} 2. b3 {[%emt 0:00:04]} d5 {[%emt 0:00:36]} 3. Bb2 {[%emt 0:00:05]} g6 {[%emt 0:05:00]} 4. c4 {[%emt 0:00:11]} c6 {[%emt 0:00:21]} 5. g3 {[%emt 0:00:15]} Bg7 {[%emt 0:00:25]} 6. Bg2 {[%emt 0:00:05]} O-O {[%emt 0:00:14]} 7. O-O {[%emt 0:00:05]} a5 {[%emt 0:01:15]} 8. Nc3 {[%emt 0:00:33]} Ne4 {[%emt 0:03:42]} 9. Na4 {[%emt 0:00:10]} Bxb2 {[%emt 0:04:31]} 10. Nxb2 {[%emt 0:00:03]} Qd6 {[%emt 0:00:59]} 11. d3 {[%emt 0:02:42]} Nf6 {[%emt 0:02:19]} 12. d4 {[%emt 0:00:12]} Bf5 {[%emt 0:03:49]} 13. Nh4 {[%emt 0:12:13]} Bc8 {[%emt 0:07:56]} 14. e3 {[%emt 0:06:27]} Nbd7 {[%emt 0:04:32]} 15. Nf3 {[%emt 0:05:39]} e5 {[%emt 0:15:54]} 16. cxd5 {[%emt 0:01:33]} e4 {[%emt 0:00:56]} 17. Nc4 {[%emt 0:01:20]} Qb8 {[%emt 0:01:10]} 18. Ng5 {[%emt 0:06:27]} cxd5 {[%emt 0:01:02]} 19. Nd2 {[%emt 0:00:02]} b6 {[%emt 0:02:19]} 20. f3 {[%emt 0:00:17]} Ba6 {[%emt 0:04:41]} 21. Rf2 {[%emt 0:00:34]} exf3 {[%emt 0:00:24]} 22. Qxf3 {[%emt 0:00:44]} Qd6 {[%emt 0:01:10]} 23. e4 {[%emt 0:06:45]} dxe4 {[%emt 0:07:51]} 24. Ndxe4 {[%emt 0:00:02]} Nxe4 {[%emt 0:00:19]} 25. Nxe4 {[%emt 0:12:28]} Qe7 {[%emt 0:03:57]} 26. Nf6+ {[%emt 0:02:55]} Nxf6 {[%emt 0:04:21]} 27. Qxf6 {[%emt 0:00:03]} Qxf6 {[%emt 0:00:38]} 28. Rxf6 {[%emt 0:00:02]} Rab8 {[%emt 0:00:32]} 29. Rc1 {[%emt 0:03:24]} Rfc8 {[%emt 0:09:45]} 30. Rxc8+ {[%emt 0:04:21]} Rxc8 {[%emt 0:00:18]} 31. Bc6 {[%emt 0:05:29]} Rd8 {[%emt 0:02:29]} 32. d5 {[%emt 0:01:06]} Bc8 {[%emt 0:01:27]} 33. a4 {[%emt 0:04:27]} Kg7 {[%emt 0:02:35]} 34. Rf4 {[%emt 0:00:01]} Bf5 {[%emt 0:00:54]} 35. b4 {[%emt 0:01:05]} Bd7 {[%emt 0:06:02]} 36. b5 {[%emt 0:01:58]} Bf5 {[%emt 0:02:18]} 37. Kf2 {[%emt 0:00:45]} Bc2 {[%emt 0:00:46]} 38. Ke3 {[%emt 0:01:04]} f5 {[%emt 0:00:06]} 39. Kd4 {[%emt 0:01:33]} Kf6 {[%emt 0:00:07]} 40. Rf2 {[%emt 0:00:46]} Bxa4 {[%emt 0:00:40]} 41. Re2 {[%emt 0:01:52]} Bb3 {[%emt 0:00:37]} 42. Re6+ {[%emt 0:00:45]} Kf7 {[%emt 0:00:54]} 43. Bb7 {[%emt 0:04:30]} Rb8 {[%emt 0:00:07]} 44. Rxb6 {[%emt 0:02:32]} a4 {[%emt 0:00:07]} 45. Kc3 {[%emt 0:02:48]} Kf8 {[%emt 0:01:39]} 46. d6 {[%emt 0:04:07]} Bd5 {[%emt 0:00:13]} 47. d7 {[%emt 0:00:32]} Ke7 {[%emt 0:00:23]} 48. d8=Q+ {[%emt 0:06:52]} Kxd8 {[%emt 0:00:49]} 49. Rd6+ {[%emt 0:00:00]} Kc7 {[%emt 0:00:40]} 50. Rxd5 {[%emt 0:00:00]} Rxb7 {[%emt 0:00:08]} 51. Kb4 {[%emt 0:00:00]} Ra7 {[%emt 0:00:30]} 52. Re5 {[%emt 0:00:00]} a3 {[%emt 0:00:40]} 53. Re7+ {[%emt 0:00:00]} Kb6 {[%emt 0:00:06]} 54. Re6+ {[%emt 0:00:00]} Kb7 {[%emt 0:00:05]} 55. Re7+ {[%emt 0:00:00]} Kb6 {[%emt 0:00:05]} 56. Re6+ {[%emt 0:02:19]} Kb7 {[%emt 0:00:06]} 57. Re7+ {[%emt 0:00:26]} 1/2-1/2

[Event "1st Spring Festival Weekend 2021"]
[Site "Bassano del Grappa"]
[Date "2021.03.14"]
[Round "5.7"]
[White "Shetty, Atulya"]
[Black "Brotto, Alessandro"]
[Result "1-0"]
[WhiteElo "2447"]
[BlackElo "1970"]
[Annotator "ChessBase"]
[PlyCount "53"]
[EventDate "2021.03.12"]
[EventType "swiss"]
[EventCountry "ITA"]
[SourceTitle "playchess.com"]
[Source "ChessBase"]
[SourceQuality "1"]
[TimeControl "5400+30"]

1. c4 {[%emt 0:00:00]} e5 {[%emt 0:08:02]} 2. g3 {[%emt 0:00:00]} Nf6 {[%emt 0:00:53]} 3. Bg2 {[%emt 0:00:00]} c6 {[%emt 0:02:08]} 4. d4 {[%emt 0:00:00]} exd4 {[%emt 0:01:59]} 5. Qxd4 {[%emt 0:00:03]} Qa5+ {[%emt 0:02:10]} 6. Nc3 {[%emt 0:03:03]} Bc5 {[%emt 0:02:15]} 7. Qe5+ {[%emt 0:03:18]} Kd8 {[%emt 0:00:18]} 8. Qg5 {[%emt 0:05:59]} Bb4 {[%emt 0:05:09]} 9. Qd2 {[%emt 0:03:35]} Re8 {[%emt 0:04:00]} 10. Qc2 {[%emt 0:05:33]} d6 {[%emt 0:09:58]} 11. Nf3 {[%emt 0:02:45]} Bf5 {[%emt 0:04:54]} 12. Qb3 {[%emt 0:01:32]} Nbd7 {[%emt 0:03:43]} 13. O-O {[%emt 0:01:07]} Bxc3 {[%emt 0:03:39]} 14. bxc3 {[%emt 0:01:08]} Nc5 {[%emt 0:05:42]} 15. Qb2 {[%emt 0:10:02]} Nfe4 {[%emt 0:09:02]} 16. Nd4 {[%emt 0:02:57]} Bg6 {[%emt 0:03:52]} 17. f3 {[%emt 0:09:17]} Nf6 {[%emt 0:05:20]} 18. e4 {[%emt 0:01:52]} Nfd7 {[%emt 0:00:40]} 19. Nb3 {[%emt 0:03:08]} Qa4 {[%emt 0:06:50]} 20. Rd1 {[%emt 0:09:10]} Kc7 {[%emt 0:01:42]} 21. Bf4 {[%emt 0:05:21]} Ne5 {[%emt 0:00:32]} 22. Qd2 {[%emt 0:03:00]} Ncd3 {[%emt 0:06:00]} 23. Bxe5 {[%emt 0:01:02]} Nxe5 {[%emt 0:00:11]} 24. Qxd6+ {[%emt 0:00:07]} Kb6 {[%emt 0:00:09]} 25. c5+ {[%emt 0:00:40]} Ka6 {[%emt 0:00:23]} 26. Rd4 {[%emt 0:05:03]} Qa3 {[%emt 0:01:18]} 27. Bf1+ {[%emt 0:00:23]} 1-0

[Event "1st Spring Festival Weekend 2021"]
[Site "Bassano del Grappa"]
[Date "2021.03.14"]
[Round "5.8"]
[White "Gola, Giorgio"]
[Black "Bardone, Lorenzo"]
[Result "0-1"]
[WhiteElo "1849"]
[BlackElo "2174"]
[Annotator "NA"]
[PlyCount "72"]
[EventDate "2021.03.12"]
[EventType "swiss"]
[EventCountry "ITA"]
[SourceTitle "playchess.com"]
[Source "ChessBase"]
[SourceQuality "1"]
[TimeControl "5400+30"]

1. e4 {[%emt 0:05:23]} c5 {[%emt 0:00:00]} 2. Nf3 {[%emt 0:00:15]} e6 {[%emt 0:00:02]} 3. d4 {[%emt 0:00:31]} cxd4 {[%emt 0:00:06]} 4. Nxd4 {[%emt 0:00:03]} Nc6 {[%emt 0:00:07]} 5. Nc3 {[%emt 0:00:47]} Qc7 {[%emt 0:00:07]} 6. Be3 {[%emt 0:00:05]} a6 {[%emt 0:00:04]} 7. Qf3 {[%emt 0:00:07]} Bd6 {[%emt 0:01:41]} 8. Nxc6 {[%emt 0:02:27]} bxc6 {[%emt 0:00:38]} 9. Bd3 {[%emt 0:02:46]} Be5 {[%emt 0:01:26]} 10. Bd2 {[%emt 0:05:28]} Nf6 {[%emt 0:07:31]} 11. h3 {[%emt 0:01:05]} d5 {[%emt 0:01:38]} 12. O-O {[%emt 0:00:50]} Rb8 {[%emt 0:01:51]} (12... O-O $15) 13. Rab1 {[%emt 0:01:06]} O-O {[%emt 0:01:22]} 14. Rfe1 {[%emt 0:05:09]} d4 {[%emt 0:08:11]} 15. Ne2 {[%emt 0:00:32]} c5 {[%emt 0:02:41]} 16. c3 {[%emt 0:05:16]} (16. b3 $11) 16... c4 {[%emt 0:14:40]} 17. cxd4 {[%emt 0:00:53]} Bh2+ {[%emt 0:01:25]} 18. Kh1 {[%emt 0:03:26]} cxd3 {[%emt 0:00:07]} 19. Nc3 {[%emt 0:05:04]} Rd8 {[%emt 0:06:07]} 20. Bg5 {[%emt 0:08:54]} Rxd4 {[%emt 0:04:54]} 21. g3 {[%emt 0:04:00] [#]} (21. Bxf6 {keeps fighting.} gxf6 22. g3) 21... Bxg3 $1 {[%emt 0:02:41]} 22. fxg3 $2 {[%emt 0:00:18]} (22. Bxf6 Be5 23. Rg1) 22... Nd7 $17 {[%emt 0:01:05]} (22... d2 $19 23. Rf1 {[#]} Nxe4 $1 {[%mdl 512]}) 23. Qf2 {[%emt 0:06:54]} Qd6 {[%emt 0:14:42]} 24. Bf4 {[%emt 0:02:49]} e5 {[%emt 0:02:38]} 25. Be3 {[%emt 0:01:09]} Rc4 {[%emt 0:00:10]} 26. Bd2 {[%emt 0:04:34]} Bb7 {[%emt 0:01:54]} 27. b3 {[%emt 0:00:55]} Rc7 {[%emt 0:00:39]} 28. Kh2 {[%emt 0:02:53]} Rbc8 {[%emt 0:00:37]} 29. Rbc1 {[%emt 0:00:43]} Nf6 {[%emt 0:01:00]} 30. Qf3 {[%emt 0:02:44]} Qd4 {[%emt 0:03:10]} 31. Re3 {[%emt 0:02:41]} Rxc3 {[%emt 0:05:58]} 32. Rxc3 {[%emt 0:00:04]} Rxc3 {[%emt 0:00:05]} 33. Bxc3 {[%emt 0:00:05]} Qxc3 {[%emt 0:00:06]} 34. Rxd3 {[%emt 0:00:11]} Qc2+ {[%emt 0:00:24]} 35. Kg1 {[%emt 0:00:07]} Kf8 {[%emt 0:02:06]} 36. Qe3 {[%emt 0:03:20]} Nxe4 {[%emt 0:06:00]} 0-1

[Event "1st Spring Festival Weekend 2021"]
[Site "Bassano del Grappa"]
[Date "2021.03.14"]
[Round "5.9"]
[White "Ghiotto, Marco Luigi"]
[Black "Gruden, Matej"]
[Result "1-0"]
[WhiteElo "2167"]
[BlackElo "1802"]
[Annotator "NA"]
[PlyCount "57"]
[EventDate "2021.03.12"]
[EventType "swiss"]
[EventCountry "ITA"]
[SourceTitle "playchess.com"]
[Source "ChessBase"]
[SourceQuality "1"]
[TimeControl "5400+30"]

1. e4 {[%emt 0:00:00]} c5 {[%emt 0:13:49]} 2. Nf3 {[%emt 0:00:00]} Nc6 {[%emt 0:00:41]} 3. Bb5 {[%emt 0:00:00]} Na5 {[%emt 0:01:53]} 4. c3 {[%emt 0:02:48]} e6 {[%emt 0:01:18]} 5. d4 {[%emt 0:00:30]} a6 {[%emt 0:00:30]} 6. Bd3 {[%emt 0:02:29]} cxd4 {[%emt 0:01:44]} 7. cxd4 {[%emt 0:01:40]} Bb4+ {[%emt 0:02:05]} 8. Bd2 {[%emt 0:01:04]} Bxd2+ {[%emt 0:00:35]} 9. Nbxd2 {[%emt 0:00:12]} Ne7 {[%emt 0:00:26]} 10. O-O {[%emt 0:01:31]} d6 {[%emt 0:01:51]} 11. Qe2 {[%emt 0:00:59]} Ng6 {[%emt 0:01:25]} 12. d5 {[%emt 0:06:01]} Nf4 {[%emt 0:04:02]} 13. Qe3 {[%emt 0:00:20]} Nxd3 {[%emt 0:03:17]} 14. Qxd3 {[%emt 0:00:10]} Bd7 {[%emt 0:04:38] [#]} 15. b4 $1 {[%emt 0:04:57]} Bb5 {[%emt 0:01:18] [#]} 16. Qc3 $1 {[%emt 0:02:07]} Bxf1 {[%emt 0:05:02]} (16... O-O {keeps fighting.}) 17. Nxf1 $2 {[%emt 0:00:58]} ({Less strong is} 17. Rxf1 O-O $16) (17. Qxg7 Ke7 18. Rxf1) 17... e5 {[%emt 0:01:39]} (17... O-O $16) 18. bxa5 {[%emt 0:00:26]} Rc8 {[%emt 0:00:14]} 19. Qb4 {[%emt 0:00:28]} O-O {[%emt 0:00:58]} 20. Ne3 {[%emt 0:01:04]} Rc5 {[%emt 0:02:14]} 21. Qxb7 {[%emt 0:13:29]} Qxa5 {[%emt 0:01:27]} 22. Nf5 {[%emt 0:15:51]} Rc7 $18 {[%emt 0:03:56]} 23. Qb2 {[%emt 0:05:34]} Rd8 {[%emt 0:03:45]} 24. Nxd6 {[%emt 0:01:23]} Qa4 {[%emt 0:05:29]} 25. Qxe5 {[%emt 0:03:43]} Qa3 {[%emt 0:07:53]} 26. Nf5 {[%emt 0:03:30]} Rc1+ {[%emt 0:01:29]} 27. Ne1 {[%emt 0:00:08]} Kf8 {[%emt 0:04:08]} 28. Rxc1 {[%emt 0:00:31]} Qxc1 {[%emt 0:01:08]} 29. Qe7+ {[%emt 0:00:07]} 1-0

[Event "1st Spring Festival Weekend 2021"]
[Site "Bassano del Grappa"]
[Date "2021.03.14"]
[Round "5.10"]
[White "Cacinschi, Alexandru"]
[Black "Hercegovac, Neven"]
[Result "0-1"]
[WhiteElo "2097"]
[BlackElo "1975"]
[Annotator "NA"]
[PlyCount "64"]
[EventDate "2021.03.12"]
[EventType "swiss"]
[EventCountry "ITA"]
[SourceTitle "playchess.com"]
[Source "ChessBase"]
[SourceQuality "1"]
[TimeControl "5400+30"]

1. c4 {[%emt 0:00:00]} c5 {[%emt 0:00:00]} 2. Nc3 {[%emt 0:00:00]} Nc6 {[%emt 0:00:00]} 3. g3 {[%emt 0:00:03]} g6 {[%emt 0:00:05]} 4. Bg2 {[%emt 0:00:15]} Bg7 {[%emt 0:00:10]} 5. Nf3 {[%emt 0:00:30]} e6 {[%emt 0:00:09]} 6. d3 {[%emt 0:01:35]} Nge7 {[%emt 0:00:11]} 7. h4 {[%emt 0:05:16]} h6 {[%emt 0:05:16]} 8. Bf4 {[%emt 0:03:47]} d5 {[%emt 0:04:50]} 9. cxd5 {[%emt 0:02:17]} Nxd5 {[%emt 0:03:55]} 10. Bd2 {[%emt 0:00:50]} b6 {[%emt 0:05:19]} 11. O-O {[%emt 0:01:45]} O-O {[%emt 0:01:16]} 12. Nxd5 {[%emt 0:04:21]} exd5 {[%emt 0:00:09]} 13. Bc3 {[%emt 0:00:21]} d4 {[%emt 0:11:17]} 14. Bd2 {[%emt 0:02:11]} Bb7 {[%emt 0:01:33]} 15. a3 {[%emt 0:00:15]} a5 {[%emt 0:04:12]} 16. Qc1 {[%emt 0:11:28]} Kh7 {[%emt 0:00:51]} 17. a4 {[%emt 0:00:31]} Qd7 {[%emt 0:02:53]} 18. Bf4 {[%emt 0:02:03]} Rfe8 {[%emt 0:01:18]} 19. Re1 {[%emt 0:00:34]} Nb4 {[%emt 0:02:32]} 20. Bd2 {[%emt 0:03:39]} Nd5 {[%emt 0:02:05]} 21. Qc2 {[%emt 0:01:45]} Rad8 {[%emt 0:09:00]} 22. Qb3 {[%emt 0:01:30]} Bc6 {[%emt 0:03:13]} 23. Nh2 {[%emt 0:02:43]} Qb7 {[%emt 0:01:12]} 24. Rac1 {[%emt 0:01:57]} Re7 $17 {[%emt 0:00:56]} 25. e4 {[%emt 0:08:47]} dxe3 {[%emt 0:00:17]} 26. fxe3 {[%emt 0:00:15]} Nb4 {[%emt 0:10:47]} 27. Bxc6 {[%emt 0:00:40]} Nxc6 {[%emt 0:00:18]} 28. Bc3 {[%emt 0:02:29]} Rxd3 {[%emt 0:00:57]} 29. Qb5 {[%emt 0:00:13]} Rdxe3 {[%emt 0:01:40]} 30. Rxe3 {[%emt 0:01:05]} Rxe3 {[%emt 0:00:13]} 31. Nf1 {[%emt 0:00:19]} Nd4 {[%emt 0:03:31]} 32. Qc4 {[%emt 0:00:53]} Re2 {[%emt 0:00:18]} 0-1